| 000 | 00747nam a2200253 4500 | ||
|---|---|---|---|
| 001 | 35594 | ||
| 003 | BD-RjUL | ||
| 005 | 20211209052341.0 | ||
| 008 | 140528s1961 enk 001 0 eng d | ||
| 035 | _a(BD-RjUL)35689 | ||
| 040 |
_aIAU _cIAU _dOCL _dUKM _dZCU _dBD-RjUL _beng |
||
| 041 | _aeng | ||
| 082 | 0 | 4 |
_a320 _218 _bAPS 1961 |
| 099 |
_a320 _aAp4813 |
||
| 100 | 1 |
_aAppadorai, A. _q(Angadipuram), _d1902-1990. _9108388 |
|
| 245 | 1 | 4 |
_aThe substance of politics / _cby A. Appadorai |
| 250 | _a9th ed. | ||
| 260 |
_aLondon : _bOxford University Press, _c1961. |
||
| 300 |
_axii, 522 p. ; _c20cm. |
||
| 500 | _a"Select bibliography" at end of each chapter. | ||
| 504 | _aInclude index | ||
| 650 | 0 |
_aPolitical science. _9108389 |
|
| 942 |
_2ddc _cBK |
||
| 999 |
_c35594 _d35594 |
||